| 000 | 01347nam a2200265Ia 4500 | ||
|---|---|---|---|
| 003 | OSt | ||
| 005 | 20200930225032.0 | ||
| 008 | 191128s2005 ck ao gr 000 0 spa d | ||
| 020 | _a9789583017025 | ||
| 040 |
_aCO-JMCR _cCO-JMCR |
||
| 041 | 0 | _aspa | |
| 082 | 0 | 4 |
_a927.8 / _bS572j _223 |
| 100 | 1 |
_aSierra i Fabra, Jordi, _eautor _98336 |
|
| 245 | 1 | 0 |
_aJohn Lennon : _bimagina que esto fue real / _cJordi Sierra i Fabra ; edición, Mireya Fonseca Leal |
| 250 | _aPrimera edición | ||
| 260 |
_aBogotá : _bPanamericana, _c2005 |
||
| 300 |
_a155 páginas, [8] láminas sin numerar : _bfotografías a blanco y negro ; _c20 cm. |
||
| 490 | 0 | _a100 personajes autores | |
| 505 | 0 | _aLa maldición de los Lennon -- Los Quarrymen -- Primeros pasos de un fenómeno -- El estilo que cambió el mundo -- De políticas y religiones -- La leyenda de Sgt. Pepper's -- Yoko -- Primer disco -- El conflictivo | |
| 520 | 3 | _aDe ser niño con un sueño, hacer música, pasó a contagiar ese sueño a millones de personas en los años sesenta y a cambiar la historia del rock. Después, en solitario, su figura se multiplicó todavía más debido a su fuerte personalidad. | |
| 600 | 1 | 4 |
_aLennon, John, _xbiografías _y1940-1980 _911087 |
| 650 | 1 | 4 |
_aMúsica inglesa _xbiografías _911088 |
| 700 | 1 |
_aFonseca Leal, Mireya, _eeditora _911089 |
|
| 942 |
_2ddc _cBK |
||
| 999 |
_c3247 _d3247 |
||